000 01019nam a2200289 i 4500
001 186024
003 SpMaBN
005 20251018063109.0
008 160905s1996 sp a |||| | spa d
020 _a84-206-0817-3
080 _a572.1/.4
080 _a569.9
100 1 _aKurtén, Björn,
_d1924-1988
_9160707
245 1 0 _aNuestros antepasados más remotos /
_cBjörn Kurtén ; [traductor, Natividad Sánchez Sáinz-Trápaga].
260 _aMadrid :
_bAlianza Editorial,
_c[1996]
300 _a169 p. :
_bil. ;
_c18 cm.
490 1 _aEl libro de bolsillo ;
_v1817.
_aCiencia y técnica
500 _aGlosario.
500 _aÍndice.
504 _aBibliografía: p. 153-154.
650 7 _aEvolución humana.
_912627
650 0 7 _aHombre prehistórico
_2embne
_913455
700 1 _aSánchez Sáinz-Trápaga, Natividad.
_9102913
830 0 3 _aEl libro de bolsillo.
_pCiencia y técnica
_v1817.
_9181079
852 _aES-MaACL
_jL-30623
_z. - Donat. Miguel A. Velasco
999 _c186024
_d186024